| 000 | 00414nam a22001457a 4500 | ||
|---|---|---|---|
| 020 | _qPB. | ||
| 040 | _cFIZZA ISHAQ | ||
| 082 |
_a302 _bGLA |
||
| 100 |
_aGladwell, Malcolm. _914256 |
||
| 245 |
_aThe Tipping Point: How Little Things Can Make a Big Difference / _cMalcolm Gladwell. |
||
| 250 | _a1st ed. | ||
| 260 |
_aBoston : _bLittle, Brown, _c2000. |
||
| 300 |
_a301 P. ; _c7.7 x 5.2 inches, |
||
| 942 |
_2ddc _cBK |
||
| 999 |
_c617161 _d617161 |
||